<?xml version="1.0" encoding="UTF-8"?>
<marc:record xmlns:marc="http://www.loc.gov/MARC21/slim">
   <marc:leader>00000nam a2200000 a 4500</marc:leader>
   <marc:datafield ind1="1" ind2=" " tag="100">
      <marc:subfield code="a">Jähnig, Jens</marc:subfield>
      <marc:subfield code="4">aut</marc:subfield>
      <marc:subfield code="e">Verfasser/-in</marc:subfield>
   </marc:datafield>
   <marc:datafield ind1="1" ind2=" " tag="100">
      <marc:subfield code="a">Sonnabend, Holger</marc:subfield>
      <marc:subfield code="4">aut</marc:subfield>
      <marc:subfield code="e">Verfasser/-in</marc:subfield>
   </marc:datafield>
   <marc:datafield ind1="0" ind2="0" tag="245">
      <marc:subfield code="a">Die Sieben Weltwunder</marc:subfield>
   </marc:datafield>
   <marc:datafield ind1="0" ind2="0" tag="245">
      <marc:subfield code="c">Jähnig, Jens</marc:subfield>
   </marc:datafield>
   <marc:datafield ind1=" " ind2="1" tag="264">
      <marc:subfield code="a">Darmstadt</marc:subfield>
      <marc:subfield code="b">Primus</marc:subfield>
      <marc:subfield code="c">2010</marc:subfield>
   </marc:datafield>
   <marc:datafield ind1="1" ind2=" " tag="490">
      <marc:subfield code="a">Wissen im Quadrat</marc:subfield>
   </marc:datafield>
   <marc:datafield ind1=" " ind2=" " tag="250">
      <marc:subfield code="a">1. Aufl.</marc:subfield>
   </marc:datafield>
   <marc:datafield ind1="1" ind2=" " tag="520">
      <marc:subfield code="a">Schon die Antike hat das Prädikat »Weltwunder« sieben herausragenden Monumenten zuerkannt: der Cheops-Pyramide bei Gizeh, den Hängenden Gärten der Semiramis in Babylon, dem Artemision von Ephesos, der Zeusstatue des Phidias im Zeustempel von Olympia, dem Mausoleum von Halikarnassos, dem Koloss von Rhodos und dem Leuchtturm von Alexandria. Diese Sieben Weltwunder zeigt der Band anhand von großformatigen Rekonstruktionszeichnungen und der renommierte Althistoriker Holger Sonnabend erzählt dazu ihre Geschichte. Die Zeichnungen von Jens Jähnig lassen die Bauwerke in ihrer ganzen farbigen Pracht wieder lebendig werden. Holger Sonnabend berichtet über die Hintergründe: Wer hat den Bau in Auftrag gegeben, wer gebaut, wie wurde er genutzt, wann zerstört? Was weiß man über Anlage und Gestaltung und was ist erhalten?</marc:subfield>
   </marc:datafield>
   <marc:datafield ind1=" " ind2=" " tag="020">
      <marc:subfield code="a">9783896788153</marc:subfield>
      <marc:subfield code="9">9783896788153</marc:subfield>
   </marc:datafield>
   <marc:datafield ind1=" " ind2=" " tag="020">
      <marc:subfield code="a">3896788159</marc:subfield>
      <marc:subfield code="9">3896788159</marc:subfield>
   </marc:datafield>
   <marc:datafield ind1=" " ind2=" " tag="041">
      <marc:subfield code="a">ger</marc:subfield>
   </marc:datafield>
   <marc:datafield ind1=" " ind2=" " tag="338">
      <marc:subfield code="a">Band</marc:subfield>
   </marc:datafield>
   <marc:datafield ind1=" " ind2=" " tag="300">
      <marc:subfield code="a">ca. 96 S. : mit ca.</marc:subfield>
   </marc:datafield>
</marc:record>
